ბათუმის შოთა რუსთაველის სახელმწიფო უნივერსიტეტის ბიბლიოთეკა

Diagnostic Microbiology (fort DMLT Students) (ბიბ.ჩანაწერი № 45723)

000 -LEADER
fixed length control field 00505nam a2200217Ia 4500
001 - CONTROL NUMBER
control field 12550
003 - CONTROL NUMBER IDENTIFIER
control field GE_BSU
008 - FIXED-LENGTH DATA ELEMENTS--GENERAL INFORMATION
fixed length control field 181216s||||||||xx |||||||||||||| ||und||
020 ## - INTERNATIONAL STANDARD BOOK NUMBER
International Standard Book Number 818448111X
040 ## - CATALOGING SOURCE
Transcribing agency GE_BSU
080 ## - UNIVERSAL DECIMAL CLASSIFICATION NUMBER
Universal Decimal Classification number 579
100 ## - MAIN ENTRY--PERSONAL NAME
Personal name Kumar,Banjan de
245 ## - TITLE STATEMENT
Title Diagnostic Microbiology (fort DMLT Students)
260 ## - PUBLICATION, DISTRIBUTION, ETC.
Place of publication, distribution, etc. New Delhi
260 ## - PUBLICATION, DISTRIBUTION, ETC.
Date of publication, distribution, etc. 2007
300 ## - PHYSICAL DESCRIPTION
Extent 166p.24cm.
653 ## - INDEX TERM--UNCONTROLLED
Uncontrolled term Diagnostic Microbiology
653 ## - INDEX TERM--UNCONTROLLED
Uncontrolled term ბიოლოგია
942 ## - ADDED ENTRY ELEMENTS (KOHA)
Koha item type წიგნი
ეგზემპლარები
Withdrawn status Lost status Damaged status Not for loan Date acquired Barcode Date last seen Price effective from Koha item type
        2018-12-17 36217 2018-12-17 2018-12-17 წიგნი